| 000 | 01081nam a22002777a 4500 | ||
|---|---|---|---|
| 001 | BRCA_9273 | ||
| 003 | FranzMayer | ||
| 005 | 20230719141422.0 | ||
| 008 | 230719b |||||||| |||| 00| 0 eng d | ||
| 040 |
_aMFM _besp _cMFM |
||
| 050 | 4 |
_aLE54 _bM87 1753 |
|
| 082 | _2BF408 | ||
| 100 | 1 |
_4Autor _aMuratori, Lodovico Antonio _928872 |
|
| 240 | 1 |
_aDella Forza Della Fantasia Umana Trattato _litaliano |
|
| 245 | 0 | _aDella Forza Della Fantasia Umana Trattato | |
| 250 |
_aSegunda edición _bEdizione seconda |
||
| 260 |
_aVenecia, Italia _bGiambatista Pasquali _c173 |
||
| 300 |
_a212 p _bilustraciones _c17.5 com |
||
| 500 | _aAlgunas hojas están dañadas de las esquinas | ||
| 501 | _aLicencia superior | ||
| 505 | 0 | _aTexto en: italianoDirigido a: psicólogos, doctores, investigadores, pedagogos, psiquiatras Incluye índice temático | |
| 650 | 1 |
_2Psicología _aImaginación _vTratados _928873 |
|
| 651 | 2 |
_2Procesos creativos _aImaginación _vInvención _928874 |
|
| 700 | 1 |
_4Responsable _aModerna di Duca _qBibliotecario del Serenissimo SIgnor _928875 |
|
| 942 |
_2lcc _cB |
||
| 999 |
_c10892 _d10892 |
||